[Event "Is Bankasi Online Satranc Turn.19-20 YAS"]
[Site "T#646377Mustafa Kemal"]
[Date "2020.05.27"]
[Round "4"]
[White "Koraypehlivano52"]
[Black "Berkerenkalayc80"]
[Result "0-1"]
[WhiteElo "1559"]
[BlackElo "1505"]
[Annotator "NA RC"]
[PlyCount "24"]
[EventDate "2020.05.27"]
[EventType "swiss (blitz)"]

1. e4 {[%emt 0:00:09]} e5 {[%emt 0:00:01]} 2. Qh5 {[%emt 0:00:01]} Nf6 {[%emt 0:00:00]} 3. Qxe5+ {[%emt 0:00:05]} Be7 {[%emt 0:00:03]} 4. Qg3 {[%emt 0:00:02]} O-O {[%emt 0:00:01]} 5. c3 {[%emt 0:00:04]} d5 {[%emt 0:00:03]} 6. exd5 {[%emt 0:00:05]} Nxd5 {[%emt 0:00:01]} 7. d3 {[%emt 0:00:08]} Re8 {[%emt 0:00:01]} 8. Be2 {[%emt 0:00:07]} Bf6 {[%emt 0:00:05]} 9. Nf3 {[%emt 0:00:08]} Qe7 {[%emt 0:00:01]} 10. Be3 {[%emt 0:00:14]} Nxe3 {[%emt 0:00:02]} 11. fxe3 {[%emt 0:00:01]} Qxe3 {[%emt 0:00:00]} 12. Qf2 {[%emt 0:00:09]} Qc1# {[%emt 0:00:04] (Lag: Av=0.74s, max=1.4s)} 0-1

[Event "Is Bankasi Online Satranc Turn.19-20 YAS"]
[Site "T#646377Mustafa Kemal"]
[Date "2020.05.27"]
[Round "4"]
[White "ahmetosmanonar60"]
[Black "Ahmettahainal50"]
[Result "1-0"]
[WhiteElo "1555"]
[BlackElo "1476"]
[Annotator "NA RC"]
[PlyCount "93"]
[EventDate "2020.05.27"]
[EventType "swiss (blitz)"]

1. c4 {[%emt 0:00:04]} e5 {[%emt 0:00:05]} 2. Nc3 {[%emt 0:00:02]} Nc6 {[%emt 0:00:02]} 3. g3 {[%emt 0:00:02]} Nf6 {[%emt 0:00:02]} 4. Bg2 {[%emt 0:00:01]} Bc5 {[%emt 0:00:02]} 5. e3 {[%emt 0:00:03]} O-O {[%emt 0:00:03]} 6. Na4 {[%emt 0:00:02]} Be7 {[%emt 0:00:07]} 7. d4 {[%emt 0:00:06]} d6 {[%emt 0:00:03]} 8. Nc3 {[%emt 0:00:08]} Bf5 {[%emt 0:00:05]} 9. Nf3 {[%emt 0:00:10]} exd4 {[%emt 0:00:04]} 10. exd4 {[%emt 0:00:04]} Re8 {[%emt 0:00:03]} 11. O-O {[%emt 0:00:02]} Ne4 {[%emt 0:00:03]} 12. Re1 {[%emt 0:00:25]} Bf6 {[%emt 0:00:05]} 13. Nxe4 {[%emt 0:00:19]} Bxe4 {[%emt 0:00:04]} 14. Be3 {[%emt 0:00:36]} Nb4 {[%emt 0:00:07]} 15. Nd2 {[%emt 0:00:15]} Nc2 {[%emt 0:00:10]} 16. Nxe4 {[%emt 0:00:07]} Nxa1 {[%emt 0:00:03]} 17. Qxa1 {[%emt 0:00:03]} c6 {[%emt 0:00:03]} 18. Nxf6+ {[%emt 0:00:03]} Qxf6 {[%emt 0:00:03]} 19. Qd1 {[%emt 0:00:08]} Rab8 {[%emt 0:00:07]} 20. b3 {[%emt 0:00:02]} h6 {[%emt 0:00:03]} 21. Qd2 {[%emt 0:00:04]} Qd8 {[%emt 0:00:05]} 22. Bf4 {[%emt 0:00:09]} Rxe1+ {[%emt 0:00:04]} 23. Qxe1 {[%emt 0:00:00]} Qe8 {[%emt 0:00:02]} 24. Qxe8+ {[%emt 0:00:02]} Rxe8 {[%emt 0:00:02]} 25. Bxd6 {[%emt 0:00:09]} Re1+ {[%emt 0:00:03]} 26. Bf1 {[%emt 0:00:04]} Ra1 {[%emt 0:00:04]} 27. a3 {[%emt 0:00:02]} Rb1 {[%emt 0:00:03]} 28. b4 {[%emt 0:00:02]} Ra1 {[%emt 0:00:04]} 29. b5 {[%emt 0:00:03]} cxb5 {[%emt 0:00:04]} 30. cxb5 {[%emt 0:00:02]} Rd1 {[%emt 0:00:03]} 31. Bb8 {[%emt 0:00:12]} a6 {[%emt 0:00:06]} 32. bxa6 {[%emt 0:00:04]} bxa6 {[%emt 0:00:02]} 33. Ba7 {[%emt 0:00:01]} a5 {[%emt 0:00:05]} 34. Kg2 {[%emt 0:00:04]} Ra1 {[%emt 0:00:03]} 35. Bc5 {[%emt 0:00:02]} g6 {[%emt 0:00:03]} 36. Bb5 {[%emt 0:00:01]} Rb1 {[%emt 0:00:04]} 37. a4 {[%emt 0:00:02]} Kg7 {[%emt 0:00:05]} 38. Kf3 {[%emt 0:00:02]} Kf6 {[%emt 0:00:02]} 39. Bb6 {[%emt 0:00:07]} Rb3+ {[%emt 0:00:03]} 40. Ke4 {[%emt 0:00:03]} Kg5 {[%emt 0:00:07]} 41. Bxa5 {[%emt 0:00:01]} f5+ {[%emt 0:00:03]} 42. Ke5 {[%emt 0:00:05]} Kg4 {[%emt 0:00:05]} 43. d5 {[%emt 0:00:08]} Rb1 {[%emt 0:00:06]} 44. d6 {[%emt 0:00:05]} Kh3 {[%emt 0:00:05]} 45. d7 {[%emt 0:00:01]} Rd1 {[%emt 0:00:03]} 46. d8=Q {[%emt 0:00:01]} Rxd8 {[%emt 0:00:03]} 47. Bxd8 {[%emt 0:00:00] Ahmettahainal50 terk eder (Lag: Av=1.41s, max=16.5s)} 1-0

[Event "Is Bankasi Online Satranc Turn.19-20 YAS"]
[Site "T#646377Mustafa Kemal"]
[Date "2020.05.27"]
[Round "4"]
[White "Egekargin94"]
[Black "Farukyazici26"]
[Result "1/2-1/2"]
[WhiteElo "1530"]
[BlackElo "1646"]
[Annotator "NA RC"]
[PlyCount "88"]
[EventDate "2020.05.27"]
[EventType "swiss (blitz)"]
[TimeControl "180+2"]

1. e4 {[%emt 0:00:04]} e5 {[%emt 0:00:01]} 2. Nf3 {[%emt 0:00:01]} Nc6 {[%emt 0:00:13]} 3. Bc4 {[%emt 0:00:02]} Bc5 {[%emt 0:00:01]} 4. c3 {[%emt 0:00:01]} Nf6 {[%emt 0:00:08]} 5. d4 {[%emt 0:00:02]} exd4 {[%emt 0:00:01]} 6. cxd4 {[%emt 0:00:00]} Bb4+ {[%emt 0:00:00]} 7. Bd2 {[%emt 0:00:01]} Bxd2+ {[%emt 0:00:05]} 8. Nbxd2 {[%emt 0:00:00]} d5 {[%emt 0:00:03]} 9. exd5 {[%emt 0:00:01]} Nxd5 {[%emt 0:00:02]} 10. O-O {[%emt 0:00:01]} O-O {[%emt 0:00:02]} 11. a3 {[%emt 0:00:02]} Bg4 {[%emt 0:00:04]} 12. h3 {[%emt 0:00:03]} Bh5 {[%emt 0:00:01]} 13. Qb3 {[%emt 0:00:02]} Nb6 {[%emt 0:00:09]} 14. Be2 {[%emt 0:00:04]} Bxf3 {[%emt 0:00:07]} 15. Nxf3 {[%emt 0:00:08]} Nxd4 {[%emt 0:00:05]} 16. Nxd4 {[%emt 0:00:06]} Qxd4 {[%emt 0:00:00]} 17. Rad1 {[%emt 0:00:01]} Qf6 {[%emt 0:00:06]} 18. Rfe1 {[%emt 0:00:03]} Rad8 {[%emt 0:00:03]} 19. Bg4 {[%emt 0:00:06]} Rd6 {[%emt 0:00:09]} 20. Qb5 {[%emt 0:00:09]} c6 {[%emt 0:00:14]} 21. Qc5 {[%emt 0:00:08]} Rxd1 {[%emt 0:00:07]} 22. Rxd1 {[%emt 0:00:06]} Qxb2 {[%emt 0:00:01]} 23. Rd3 {[%emt 0:00:25]} Qb5 {[%emt 0:00:27]} 24. Qe3 {[%emt 0:00:10]} Nd5 {[%emt 0:00:07]} 25. Qg3 {[%emt 0:00:04]} Nf6 {[%emt 0:00:09]} 26. Rf3 {[%emt 0:00:06]} Qb1+ {[%emt 0:00:12]} 27. Kh2 {[%emt 0:00:02]} Nxg4+ {[%emt 0:00:03]} 28. Qxg4 {[%emt 0:00:04]} Qg6 {[%emt 0:00:09]} 29. Qb4 {[%emt 0:00:03]} b5 {[%emt 0:00:14]} 30. Rg3 {[%emt 0:00:02]} Qf6 {[%emt 0:00:06]} 31. Qg4 {[%emt 0:00:12]} g6 {[%emt 0:00:04]} 32. Rf3 {[%emt 0:00:02]} Qd6+ {[%emt 0:00:04]} 33. g3 {[%emt 0:00:01]} a5 {[%emt 0:00:04]} 34. h4 {[%emt 0:00:01]} h5 {[%emt 0:00:02]} 35. Qg5 {[%emt 0:00:04]} Kg7 {[%emt 0:00:17]} 36. Rc3 {[%emt 0:00:20]} b4 {[%emt 0:00:09]} 37. axb4 {[%emt 0:00:02]} axb4 {[%emt 0:00:00]} 38. Rb3 {[%emt 0:00:02]} c5 {[%emt 0:00:01]} 39. Qc1 {[%emt 0:00:08]} Qd4 {[%emt 0:00:02]} 40. Rf3 {[%emt 0:00:03]} c4 {[%emt 0:00:06]} 41. Rf4 {[%emt 0:00:01]} Qc3 {[%emt 0:00:09]} 42. Qxc3+ {[%emt 0:00:07]} bxc3 {[%emt 0:00:00]} 43. Rxc4 {[%emt 0:00:01]} Re8 {[%emt 0:00:03]} 44. Rxc3 {[%emt 0:00:02] Farukyazici26 beraberlik teklif ediyor} Re1 {[%emt 0:00:03] (Lag: Av=0.56s, max=0.8s)} 1/2-1/2

[Event "Is Bankasi Online Satranc Turn.19-20 YAS"]
[Site "T#646377Mustafa Kemal"]
[Date "2020.05.27"]
[Round "5"]
[White "Kadirakin18"]
[Black "dincertasdogen32"]
[Result "1/2-1/2"]
[WhiteElo "1759"]
[BlackElo "1874"]
[Annotator "NA RC"]
[PlyCount "24"]
[EventDate "2020.05.27"]
[EventType "swiss (blitz)"]

1. e4 {[%emt 0:00:05]} g6 {[%emt 0:00:01]} 2. d4 {[%emt 0:00:08]} Bg7 {[%emt 0:00:01]} 3. Nc3 {[%emt 0:00:03]} c6 {[%emt 0:00:01]} 4. Nf3 {[%emt 0:00:01]} d5 {[%emt 0:00:01]} 5. e5 {[%emt 0:00:00]} Nh6 {[%emt 0:00:01]} 6. h3 {[%emt 0:00:04]} O-O {[%emt 0:00:01]} 7. Bf4 {[%emt 0:00:31]} f6 {[%emt 0:00:01]} 8. Qd2 {[%emt 0:00:02]} Nf7 {[%emt 0:00:01]} 9. O-O-O {[%emt 0:00:03] dincertasdogen32 beraberlik teklif ediyor} fxe5 {[%emt 0:00:12]} 10. dxe5 {[%emt 0:00:07]} e6 {[%emt 0:00:05]} 11. Be2 {[%emt 0:00:06]} c5 {[%emt 0:00:02]} 12. Rhe1 {[%emt 0:00:19]} Nc6 {[%emt 0:00:02] Kadirakin18 beraberlik teklif ediyor (Lag: Av=0.62s, max=0.9s)} 1/2-1/2

[Event "Is Bankasi Online Satranc Turn.19-20 YAS"]
[Site "T#646377Mustafa Kemal"]
[Date "2020.05.27"]
[Round "5"]
[White "Farukyazici26"]
[Black "Abdullahdoguka16"]
[Result "0-1"]
[WhiteElo "1625"]
[BlackElo "1595"]
[Annotator "NA RC"]
[PlyCount "34"]
[EventDate "2020.05.27"]
[EventType "swiss (blitz)"]

1. e4 {[%emt 0:00:07]} c5 {[%emt 0:00:01]} 2. Nf3 {[%emt 0:00:09]} g6 {[%emt 0:00:01]} 3. c3 {[%emt 0:00:04]} Bg7 {[%emt 0:00:01]} 4. Bd3 {[%emt 0:00:14]} Nc6 {[%emt 0:00:06]} 5. Bc2 {[%emt 0:00:01]} d6 {[%emt 0:00:01]} 6. O-O {[%emt 0:00:01]} Nf6 {[%emt 0:00:01]} 7. d4 {[%emt 0:00:02]} cxd4 {[%emt 0:00:01]} 8. cxd4 {[%emt 0:00:00]} Bg4 {[%emt 0:00:01]} 9. Nbd2 {[%emt 0:00:14]} Nxd4 {[%emt 0:00:12]} 10. h3 {[%emt 0:00:06]} Bxf3 {[%emt 0:00:06]} 11. Nxf3 {[%emt 0:00:02]} Nxc2 {[%emt 0:00:03]} 12. Qxc2 {[%emt 0:00:01]} O-O {[%emt 0:00:04]} 13. Be3 {[%emt 0:00:06]} Rc8 {[%emt 0:00:02]} 14. Qb3 {[%emt 0:00:02]} b6 {[%emt 0:00:12]} 15. e5 {[%emt 0:00:20]} dxe5 {[%emt 0:00:00]} 16. Nxe5 {[%emt 0:00:01]} Qd5 {[%emt 0:00:06]} 17. Qa3 {[%emt 0:00:12]} Qxe5 {[%emt 0:00:05] Farukyazici26 terk eder (Lag: Av=0.81s, max=1.3s)} 0-1

[Event "Is Bankasi Online Satranc Turn.19-20 YAS"]
[Site "T#646377Mustafa Kemal"]
[Date "2020.05.27"]
[Round "5"]
[White "ahmetosmanonar60"]
[Black "Halityavuzibik00"]
[Result "0-1"]
[WhiteElo "1613"]
[BlackElo "1604"]
[Annotator "NA RC"]
[PlyCount "48"]
[EventDate "2020.05.27"]
[EventType "swiss (blitz)"]
[TimeControl "180+2"]

1. c4 {[%emt 0:00:04]} e5 {[%emt 0:00:02]} 2. Nc3 {[%emt 0:00:01]} Nf6 {[%emt 0:00:01]} 3. g3 {[%emt 0:00:03]} d5 {[%emt 0:00:01]} 4. cxd5 {[%emt 0:00:03]} Nxd5 {[%emt 0:00:00]} 5. Bg2 {[%emt 0:00:02]} Nb6 {[%emt 0:00:02]} 6. e3 {[%emt 0:00:06]} Nc6 {[%emt 0:00:03]} 7. Nge2 {[%emt 0:00:04]} Be7 {[%emt 0:00:06]} 8. O-O {[%emt 0:00:06]} O-O {[%emt 0:00:03]} 9. d4 {[%emt 0:00:26]} exd4 {[%emt 0:00:06]} 10. Nxd4 {[%emt 0:00:06]} Nxd4 {[%emt 0:00:01]} 11. Qxd4 {[%emt 0:00:09]} Qxd4 {[%emt 0:00:01]} 12. exd4 {[%emt 0:00:01]} c6 {[%emt 0:00:02]} 13. Bf4 {[%emt 0:00:09]} Be6 {[%emt 0:00:05]} 14. Rfe1 {[%emt 0:00:09]} Rad8 {[%emt 0:00:10]} 15. b3 {[%emt 0:00:18]} Rxd4 {[%emt 0:00:19]} 16. Be3 {[%emt 0:00:37]} Rd7 {[%emt 0:00:09]} 17. Ne4 {[%emt 0:00:08]} Bd5 {[%emt 0:00:12]} 18. Bh3 {[%emt 0:00:11]} Rdd8 {[%emt 0:00:51]} 19. Bf4 {[%emt 0:00:03]} f5 {[%emt 0:00:28]} 20. Nd2 {[%emt 0:00:26]} Bb4 {[%emt 0:00:23]} 21. Re5 {[%emt 0:00:19]} Bc3 {[%emt 0:00:07]} 22. Rxf5 {[%emt 0:00:09]} Rxf5 {[%emt 0:00:02]} 23. Bxf5 {[%emt 0:00:02]} Bxa1 {[%emt 0:00:01]} 24. Bc7 {[%emt 0:00:04]} Rf8 {[%emt 0:00:05] Zaman (Lag: Av=1.23s, max=7.6s)} 0-1

[Event "Is Bankasi Online Satranc Turn.19-20 YAS"]
[Site "T#646377Mustafa Kemal"]
[Date "2020.05.27"]
[Round "5"]
[White "Hamitalphanmet52"]
[Black "Egekargin94"]
[Result "0-1"]
[WhiteElo "1478"]
[BlackElo "1554"]
[Annotator "NA RC"]
[PlyCount "36"]
[EventDate "2020.05.27"]
[EventType "swiss (blitz)"]

1. e4 {[%emt 0:00:05]} e6 {[%emt 0:00:01]} 2. d4 {[%emt 0:00:02]} d5 {[%emt 0:00:00]} 3. exd5 {[%emt 0:00:02]} exd5 {[%emt 0:00:00]} 4. Nc3 {[%emt 0:00:01]} Nf6 {[%emt 0:00:01]} 5. Bg5 {[%emt 0:00:02]} Be7 {[%emt 0:00:01]} 6. Qe2 {[%emt 0:00:02]} Be6 {[%emt 0:00:01]} 7. Kd1 {[%emt 0:00:05]} Nc6 {[%emt 0:00:01]} 8. Nf3 {[%emt 0:00:03]} O-O {[%emt 0:00:04]} 9. Kd2 {[%emt 0:00:11]} h6 {[%emt 0:00:09]} 10. Bh4 {[%emt 0:00:06]} Re8 {[%emt 0:00:03]} 11. Rd1 {[%emt 0:00:03]} Ne4+ {[%emt 0:00:06]} 12. Nxe4 {[%emt 0:00:02]} dxe4 {[%emt 0:00:00]} 13. Bxe7 {[%emt 0:00:05]} Rxe7 {[%emt 0:00:01]} 14. Ne1 {[%emt 0:00:16]} Nxd4 {[%emt 0:00:02]} 15. Qxe4 {[%emt 0:00:15]} Bf5 {[%emt 0:00:05]} 16. Qf4 {[%emt 0:00:18]} Nf3+ {[%emt 0:00:08]} 17. Kc1 {[%emt 0:00:13]} Qxd1+ {[%emt 0:00:03]} 18. Kxd1 {[%emt 0:00:05]} Rxe1# {[%emt 0:00:00] (Lag: Av=0.48s, max=0.5s)} 0-1

[Event "Is Bankasi Online Satranc Turn.19-20 YAS"]
[Site "T#646377Mustafa Kemal"]
[Date "2020.05.27"]
[Round "5"]
[White "Ahmettahainal50"]
[Black "Berkerenkalayc80"]
[Result "1-0"]
[WhiteElo "1463"]
[BlackElo "1591"]
[Annotator "NA RC"]
[PlyCount "145"]
[EventDate "2020.05.27"]
[EventType "swiss (blitz)"]

1. e4 {[%emt 0:00:02]} e5 {[%emt 0:00:01]} 2. Nf3 {[%emt 0:00:06]} Nf6 {[%emt 0:00:01]} 3. Nxe5 {[%emt 0:00:04]} Qe7 {[%emt 0:00:02]} 4. Nf3 {[%emt 0:00:04]} Nxe4 {[%emt 0:00:01]} 5. Qe2 {[%emt 0:00:03]} d5 {[%emt 0:00:02]} 6. d3 {[%emt 0:00:02]} Nf6 {[%emt 0:00:01]} 7. Be3 {[%emt 0:00:04]} Nc6 {[%emt 0:00:02]} 8. d4 {[%emt 0:00:02]} Be6 {[%emt 0:00:03]} 9. Nc3 {[%emt 0:00:03]} Qb4 {[%emt 0:00:01]} 10. O-O-O {[%emt 0:00:03]} Na5 {[%emt 0:00:11]} 11. Qb5+ {[%emt 0:00:06]} Qxb5 {[%emt 0:00:02]} 12. Nxb5 {[%emt 0:00:02]} O-O-O {[%emt 0:00:05]} 13. Nxa7+ {[%emt 0:00:04]} Kb8 {[%emt 0:00:02]} 14. Nb5 {[%emt 0:00:02]} Bd7 {[%emt 0:00:02]} 15. Bf4 {[%emt 0:00:04]} Bxb5 {[%emt 0:00:04]} 16. Bxb5 {[%emt 0:00:02]} Ne4 {[%emt 0:00:02]} 17. Be3 {[%emt 0:00:04]} c6 {[%emt 0:00:05]} 18. Bd3 {[%emt 0:00:03]} f5 {[%emt 0:00:03]} 19. Ne5 {[%emt 0:00:02]} Re8 {[%emt 0:00:08]} 20. f3 {[%emt 0:00:05]} Nd6 {[%emt 0:00:06]} 21. Bf4 {[%emt 0:00:02]} Kc7 {[%emt 0:00:09]} 22. Nf7 {[%emt 0:00:03]} Rg8 {[%emt 0:00:05]} 23. Rhe1 {[%emt 0:00:06]} Rxe1 {[%emt 0:00:05]} 24. Rxe1 {[%emt 0:00:03]} Nac4 {[%emt 0:00:00]} 25. b3 {[%emt 0:00:07]} Kd7 {[%emt 0:00:09]} 26. Nxd6 {[%emt 0:00:06]} Bxd6 {[%emt 0:00:13]} 27. Bxf5+ {[%emt 0:00:03]} Kc7 {[%emt 0:00:07]} 28. Re7+ {[%emt 0:00:04]} Kd8 {[%emt 0:00:06]} 29. Bxd6 {[%emt 0:00:03]} Nxd6 {[%emt 0:00:06]} 30. Rd7+ {[%emt 0:00:01]} Ke8 {[%emt 0:00:01]} 31. Rxd6 {[%emt 0:00:02]} Ke7 {[%emt 0:00:01]} 32. Re6+ {[%emt 0:00:03]} Kf7 {[%emt 0:00:04]} 33. Re2 {[%emt 0:00:02]} Kf6 {[%emt 0:00:01]} 34. Bd3 {[%emt 0:00:06]} Ra8 {[%emt 0:00:03]} 35. a4 {[%emt 0:00:04]} Kg5 {[%emt 0:00:03]} 36. g3 {[%emt 0:00:03]} h5 {[%emt 0:00:01]} 37. Re5+ {[%emt 0:00:04]} Kf6 {[%emt 0:00:01]} 38. Rxh5 {[%emt 0:00:03]} b6 {[%emt 0:00:07]} 39. Rf5+ {[%emt 0:00:03]} Ke6 {[%emt 0:00:01]} 40. Re5+ {[%emt 0:00:02]} Kf6 {[%emt 0:00:02]} 41. h4 {[%emt 0:00:02]} c5 {[%emt 0:00:06]} 42. Rxd5 {[%emt 0:00:06]} Ke6 {[%emt 0:00:04]} 43. Bc4 {[%emt 0:00:05]} Kf6 {[%emt 0:00:05]} 44. dxc5 {[%emt 0:00:04]} bxc5 {[%emt 0:00:03]} 45. Rxc5 {[%emt 0:00:01]} g6 {[%emt 0:00:02]} 46. g4 {[%emt 0:00:03]} Rd8 {[%emt 0:00:04]} 47. Bd3 {[%emt 0:00:08]} Rd7 {[%emt 0:00:04]} 48. Rc6+ {[%emt 0:00:04]} Ke5 {[%emt 0:00:02]} 49. Rxg6 {[%emt 0:00:03]} Kd4 {[%emt 0:00:11]} 50. Rf6 {[%emt 0:00:04]} Re7 {[%emt 0:00:11]} 51. Kd2 {[%emt 0:00:03]} Re5 {[%emt 0:00:08]} 52. Rf4+ {[%emt 0:00:04]} Kc5 {[%emt 0:00:02]} 53. Rf5 {[%emt 0:00:02]} Kd4 {[%emt 0:00:05]} 54. Rxe5 {[%emt 0:00:03]} Kxe5 {[%emt 0:00:00]} 55. Ke3 {[%emt 0:00:03]} Kd5 {[%emt 0:00:01]} 56. h5 {[%emt 0:00:02]} Ke5 {[%emt 0:00:06]} 57. h6 {[%emt 0:00:02]} Kf6 {[%emt 0:00:00]} 58. h7 {[%emt 0:00:04]} Kg7 {[%emt 0:00:00]} 59. a5 {[%emt 0:00:04]} Kh6 {[%emt 0:00:01]} 60. h8=Q+ {[%emt 0:00:04]} Kg5 {[%emt 0:00:00]} 61. Qg7+ {[%emt 0:00:02]} Kh4 {[%emt 0:00:00]} 62. Qh6+ {[%emt 0:00:02]} Kg3 {[%emt 0:00:00]} 63. Qf4+ {[%emt 0:00:01]} Kg2 {[%emt 0:00:00]} 64. g5 {[%emt 0:00:03]} Kg1 {[%emt 0:00:01]} 65. g6 {[%emt 0:00:03]} Kg2 {[%emt 0:00:00]} 66. Bf1+ {[%emt 0:00:02]} Kxf1 {[%emt 0:00:01]} 67. g7 {[%emt 0:00:01]} Ke1 {[%emt 0:00:01]} 68. Qg3+ {[%emt 0:00:03]} Kd1 {[%emt 0:00:01]} 69. g8=Q {[%emt 0:00:04]} Kc1 {[%emt 0:00:01]} 70. Qe1+ {[%emt 0:00:06]} Kxc2 {[%emt 0:00:02]} 71. Qc4+ {[%emt 0:00:03]} Kb2 {[%emt 0:00:01]} 72. Qec1+ {[%emt 0:00:02]} Ka2 {[%emt 0:00:01]} 73. Qa4# {[%emt 0:00:03] (Lag: Av=0.85s, max=1.2s)} 1-0

[Event "Is Bankasi Online Satranc Turn.19-20 YAS"]
[Site "T#646377Mustafa Kemal"]
[Date "2020.05.27"]
[Round "6"]
[White "Okanozsakallio94"]
[Black "Ahmettahainal50"]
[Result "1-0"]
[WhiteElo "1775"]
[BlackElo "1486"]
[Annotator "NA RC"]
[PlyCount "77"]
[EventDate "2020.05.27"]
[EventType "swiss (blitz)"]

1. e4 {[%emt 0:00:03]} c5 {[%emt 0:00:02]} 2. Nf3 {[%emt 0:00:01]} Nc6 {[%emt 0:00:01]} 3. Bb5 {[%emt 0:00:01]} d6 {[%emt 0:00:03]} 4. O-O {[%emt 0:00:01]} Bd7 {[%emt 0:00:02]} 5. Re1 {[%emt 0:00:01]} e5 {[%emt 0:00:02]} 6. c3 {[%emt 0:00:02]} Nf6 {[%emt 0:00:03]} 7. d4 {[%emt 0:00:05]} cxd4 {[%emt 0:00:03]} 8. cxd4 {[%emt 0:00:00]} a6 {[%emt 0:00:04]} 9. Bf1 {[%emt 0:00:21]} Be7 {[%emt 0:00:03]} 10. d5 {[%emt 0:00:01]} Na7 {[%emt 0:00:03]} 11. Qb3 {[%emt 0:00:04]} b5 {[%emt 0:00:03]} 12. Nc3 {[%emt 0:00:10]} O-O {[%emt 0:00:03]} 13. Be3 {[%emt 0:00:02]} Qb8 {[%emt 0:00:04]} 14. a3 {[%emt 0:00:07]} Ng4 {[%emt 0:00:06]} 15. Bc1 {[%emt 0:00:32]} Qb6 {[%emt 0:00:05]} 16. Qc2 {[%emt 0:00:01]} a5 {[%emt 0:00:03]} 17. h3 {[%emt 0:00:01]} Nf6 {[%emt 0:00:03]} 18. Be3 {[%emt 0:00:00]} Qb7 {[%emt 0:00:04]} 19. b4 {[%emt 0:00:03]} a4 {[%emt 0:00:04]} 20. Rac1 {[%emt 0:00:15]} Rac8 {[%emt 0:00:03]} 21. Bd3 {[%emt 0:00:03]} h6 {[%emt 0:00:03]} 22. Qe2 {[%emt 0:00:02]} Rb8 {[%emt 0:00:08]} 23. Bxa7 {[%emt 0:00:12]} Qxa7 {[%emt 0:00:03]} 24. Nxb5 {[%emt 0:00:00]} Bxb5 {[%emt 0:00:07]} 25. Bxb5 {[%emt 0:00:00]} Rbc8 {[%emt 0:00:05]} 26. Bc6 {[%emt 0:00:02]} Rfd8 {[%emt 0:00:07]} 27. Qc4 {[%emt 0:00:22]} Nd7 {[%emt 0:00:06]} 28. Qb5 {[%emt 0:00:03]} Nb6 {[%emt 0:00:07]} 29. Qa5 {[%emt 0:00:01]} Qb8 {[%emt 0:00:07]} 30. Bb5 {[%emt 0:00:22]} Bf6 {[%emt 0:00:09]} 31. h4 {[%emt 0:00:09]} Kf8 {[%emt 0:00:04]} 32. g3 {[%emt 0:00:01]} Kg8 {[%emt 0:00:03]} 33. Nd2 {[%emt 0:00:01]} Rxc1 {[%emt 0:00:12]} 34. Rxc1 {[%emt 0:00:00]} Rc8 {[%emt 0:00:02]} 35. Rxc8+ {[%emt 0:00:03]} Nxc8 {[%emt 0:00:01]} 36. Qxa4 {[%emt 0:00:01]} Nb6 {[%emt 0:00:02]} 37. Qa6 {[%emt 0:00:02]} Qc7 {[%emt 0:00:02]} 38. Bc6 {[%emt 0:00:01]} g6 {[%emt 0:00:03]} 39. a4 {[%emt 0:00:02] Ahmettahainal50 terk eder (Lag: Av=0.81s, max=1.1s)} 1-0

[Event "Is Bankasi Online Satranc Turn.19-20 YAS"]
[Site "T#646377Mustafa Kemal"]
[Date "2020.05.27"]
[Round "6"]
[White "Halityavuzibik00"]
[Black "dincertasdogen32"]
[Result "0-1"]
[WhiteElo "1678"]
[BlackElo "1851"]
[Annotator "NA RC"]
[PlyCount "66"]
[EventDate "2020.05.27"]
[EventType "swiss (blitz)"]

1. e4 {[%emt 0:00:02]} g6 {[%emt 0:00:00]} 2. d4 {[%emt 0:00:01]} Bg7 {[%emt 0:00:00]} 3. c4 {[%emt 0:00:01]} d6 {[%emt 0:00:01]} 4. Nc3 {[%emt 0:00:01]} Nf6 {[%emt 0:00:00]} 5. f3 {[%emt 0:00:01]} O-O {[%emt 0:00:00]} 6. Be3 {[%emt 0:00:01]} e5 {[%emt 0:00:01]} 7. Nge2 {[%emt 0:00:02]} exd4 {[%emt 0:00:01]} 8. Nxd4 {[%emt 0:00:00]} Re8 {[%emt 0:00:00]} 9. Qd2 {[%emt 0:00:02]} Nc6 {[%emt 0:00:02]} 10. Be2 {[%emt 0:00:04]} Nh5 {[%emt 0:00:01]} 11. O-O {[%emt 0:00:07]} Nf4 {[%emt 0:00:01]} 12. Nxc6 {[%emt 0:00:08]} Nxe2+ {[%emt 0:00:01]} 13. Nxe2 {[%emt 0:00:03]} bxc6 {[%emt 0:00:00]} 14. Bd4 {[%emt 0:00:04]} c5 {[%emt 0:00:02]} 15. Bxg7 {[%emt 0:00:01]} Kxg7 {[%emt 0:00:00]} 16. b3 {[%emt 0:00:05]} a5 {[%emt 0:00:24]} 17. Nc3 {[%emt 0:00:12]} Bb7 {[%emt 0:00:08]} 18. Rfd1 {[%emt 0:00:09]} Qf6 {[%emt 0:00:03]} 19. Rac1 {[%emt 0:00:45]} Bc6 {[%emt 0:00:07]} 20. a4 {[%emt 0:00:25]} Re7 {[%emt 0:00:13]} 21. Rb1 {[%emt 0:00:17]} Rae8 {[%emt 0:00:04]} 22. Nb5 {[%emt 0:00:06]} Ra8 {[%emt 0:00:01]} 23. Nc3 {[%emt 0:00:02]} h6 {[%emt 0:00:01]} 24. Nb5 {[%emt 0:00:21]} Qg5 {[%emt 0:00:03]} 25. Qc3+ {[%emt 0:00:10]} Kg8 {[%emt 0:00:01]} 26. Ra1 {[%emt 0:00:13]} f5 {[%emt 0:00:03]} 27. exf5 {[%emt 0:00:04]} Re2 {[%emt 0:00:00]} 28. g3 {[%emt 0:00:15]} Qxf5 {[%emt 0:00:01]} 29. Rf1 {[%emt 0:00:06]} Qh3 {[%emt 0:00:03]} 30. Rf2 {[%emt 0:00:09]} Rxf2 {[%emt 0:00:01]} 31. Kxf2 {[%emt 0:00:00]} Qxh2+ {[%emt 0:00:00]} 32. Ke3 {[%emt 0:00:00]} Re8+ {[%emt 0:00:00]} 33. Kd3 {[%emt 0:00:02]} Qxg3 {[%emt 0:00:01] Halityavuzibik00 terk eder (Lag: Av=0.57s, max=0.7s)} 0-1